| 000 | 00886cab a2200265 4500 | ||
|---|---|---|---|
| 001 | ABS46757 | ||
| 008 | 090401t1992 xxu||||| |||| 00| 0 eng d | ||
| 035 | _a(Sirsi) u59431 | ||
| 041 | _aeng | ||
| 100 | _aLennox, K. | ||
| 245 | _aProfessional indemnity - managing the balancing act | ||
| 260 | _c1992 | ||
| 350 | _a0 | ||
| 490 |
_aEstates Gazette _v(9228) 18 July 1992, 38(1) |
||
| 520 | _aDescribes the current situation as regards professional indemnity insurance including the market, rising claims, the effects of the Congreve Horner case and action the RICS is taking. | ||
| 650 | _aCPII | ||
| 650 | _aINSURANCE MARKET | ||
| 650 | _aPROFESSIONAL INDEMNITY INSURANCE | ||
| 650 | _aRICS | ||
| 650 | _aSUMMERS V CONGREVE HORNER | ||
| 690 |
_aINSURANCE _96249 |
||
| 690 | _aMANAGEMENT-BUSINESS MANAGEMENT-PROFESSIONAL PRACTICE | ||
| 942 | _n0 | ||
| 948 | _c04/03/1997 | ||
| 999 |
_c36465 _d36465 |
||